000 00835nam a2200277 b 4500
001 bimo0002387780
003 OSt
005 20140205213002.0
008 070706s2006 sp | ||| ||spa
020 _a978-84-321-3620-7
040 _aSpMaBN
_cBMC
041 1 _aspa
_hita
082 _a346.015
082 _a306.85
100 1 _91094
_aD'Agostino, Francesco
245 1 0 _aFilosofía de la familia
_cFrancesco D'Agostino ; [traducción del italiano, Joan Carreras]
260 _aMadrid
_bRialp
_ccop. 2006
300 _a268 p.
_c24 cm
490 _aColección Textos del Instituto de Ciencias para la Familia
504 _aBibliografía
594 _1Traducción de: Una filosofia della famiglia
650 2 4 _92501
_aDerecho de familia
650 2 4 _92502
_aFamilias
700 1 _92503
_aCarreras, Joan
942 _2ddc
_cBK
999 _c1006
_d1006